00471nam a2200157Ia 4500008004100000020001800041041000800059082001600067100001800083245002900101260002900130300000900159650001400168999002100182952011000203260223s2024 xx 000 0 und d a9788190935870 aeng a610.734/KUM aKumari Neekam aCommunity Health Nursing aNew DelhibPV, Pubc2024 a396P aCommunity c1216480d1216480 00104070aNCMbNCMd2026-01-22g495.00l0o610.734/KUMpNCM-N-4567r2026-02-23 00:00:00w2026-02-23yBK